| 000 | 01089cam a22002651i 4500 | ||
|---|---|---|---|
| 003 | SA-RiAUC | ||
| 005 | 20250709132030.0 | ||
| 008 | 250703s2014 su g f00010 ara c | ||
| 040 |
_aSA-JeALM _bara _cSA-RiAUC _erda |
||
| 043 | _aa-su--- | ||
| 082 | 0 | 4 |
_a215.1 _qSA-RiAUC |
| 090 |
_a215.1 _bط ي ل |
||
| 100 | 1 |
_aالطيلوش، حسن بن البشير _eمؤلف. |
|
| 245 | 1 | 0 |
_aإبهاج الأنام بفضائل البلد الحرام / _cإعداد وتأليف حسن بن البشير الطيلوش. |
| 250 | _aالطبعة الثانية. | ||
| 264 | 1 |
_aمكة المكرمة : _bالرئاسة العامة لشؤون المسجد الحرام والمسجد النبوي، _c2014 |
|
| 300 |
_a153 صفحة ؛ _c20 سم. |
||
| 336 |
_aنص _btxt _2rdacontent _3كتاب |
||
| 337 |
_aبدون وسيط _bn _2rdamedia |
||
| 338 |
_aمجلد _bnc _2rdacarrier |
||
| 490 | 0 |
_aسلسلة أبحاث الحرمين العلمية ؛ _v9 |
|
| 610 | 2 | 7 |
_aالمسجد الحرام _xفضائل _2aucnm |
| 942 |
_2ddc _cBOOK _n0 |
||
| 949 |
_aSA-JeALM _d250703 _umohamedma123 _n1 |
||
| 999 |
_c9672 _d9672 |
||